[Event "Berlin Lichtenberger op 9th"]
[Site "Berlin"]
[Date "2010.08.15"]
[Round "9"]
[White "Moeller, Dirk Halvard"]
[Black "Popp, Maximilian"]
[Result "1/2-1/2"]
[WhiteElo "1621"]
[BlackElo "1705"]
[PlyCount "132"]
[EventDate "2010.08.07"]
[EventType "swiss"]
[EventRounds "9"]
[EventCountry "GER"]
[SourceTitle "CBM 137 Extra"]
[Source "ChessBase"]
[SourceDate "2010.09.01"]
[SourceVersion "1"]
[SourceVersionDate "2010.09.01"]
[SourceQuality "1"]

1. e4 e6 2. d4 d5 3. Nc3 Bb4 4. a3 Bxc3+ 5. bxc3 c5 6. e5 Ne7 7. Nf3 Nbc6 8. Be2 0-0 9. 0-0 Qb6 10. Bd3 Ng6 11. a4 c4 12. Be2 f6 13. Ba3 Rf7 14. Bd6 Rd7 15. Qd2 Qd8 16. h4 fxe5 17. h5 Nf4 18. dxe5 Rf7 19. Bd1 g6 20. h6 g5 21. Nh2 Ng6 22. Bh5 Rf5 23. Bxg6 hxg6 24. Ng4 Kh7 25. Qe3 Qd7 26. Qg3 Qf7 27. f3 Ne7 28. Kf2 Bd7 29. Rh1 Bc6 30. a5 Rf8 31. Nf6+ Rxf6 32. exf6 Nf5 33. Qh2 Nxd6 34. Qxd6 Qxf6 35. Rae1 Re8 36. a6 Re7 37. axb7 Bxb7 38. Qe5 Qf5 39. Qxf5 gxf5 40. Ra1 Bc8 41. Rab1 e5 42. Rb8 Be6 43. Rbb1 Bf7 44. g3 e4 45. fxe4 dxe4 46. Ke3 Bg6 47. Rb5 Rf7 48. Kd4 Rd7+ 49. Kxc4 f4 50. Rxg5 f3 51. Re5 Rf7 52. Kd4 Bf5 53. Ke3 Bh3 54. Kf2 Bg2 55. Rh4 Rd7 56. Rexe4 Rd2+ 57. Ke3 Re2+ 58. Kd3 Rxe4 59. Rxe4 f2 60. Rf4 f1Q+ 61. Rxf1 Bxf1+ 62. Kd4 Kxh6 63. c4 Kg5 64. Kc5 a5 65. Kb5 Kg4 66. Kxa5 Bxc4 1/2-1/2

[Event "GER-ch U25 op"]
[Site "Willingen"]
[Date "2009.06.02"]
[Round "5"]
[White "Popp, Maximilian"]
[Black "Wang, Julia"]
[Result "1/2-1/2"]
[WhiteElo "1704"]
[BlackElo "1506"]
[PlyCount "81"]
[EventDate "2009.05.30"]
[EventType "swiss"]
[EventRounds "9"]
[EventCountry "GER"]
[SourceTitle "EXT 2010"]
[Source "ChessBase"]
[SourceDate "2010.11.25"]
[SourceVersion "1"]
[SourceVersionDate "2010.11.25"]
[SourceQuality "1"]

1. d4 f5 2. e4 fxe4 3. Nc3 Nf6 4. Bg5 d5 5. Bxf6 exf6 6. Qh5+ g6 7. Qxd5 Qe7 8. Qxe4 Bf5 9. Qxe7+ Bxe7 10. Nd5 Bd8 11. 0-0-0 0-0 12. Ne3 Bd7 13. h4 h6 14. Bd3 Kg7 15. Ne2 Nc6 16. c3 Ne7 17. Rhe1 a5 18. g4 a4 19. Ng3 Ra5 20. f3 c6 21. h5 g5 22. Nef5+ Nxf5 23. Bxf5 Be8 24. Bd3 Bd7 25. Bf5 Be8 26. Re3 Bc7 27. Ne2 Bxh5 28. Kb1 Bf7 29. Be6 Re8 30. Bxf7 Kxf7 31. Rxe8 Kxe8 32. Rh1 c5 33. Kc2 cxd4 34. Nxd4 Be5 35. Rxh6 Rc5 36. Nf5 b5 37. a3 Rc4 38. Kd3 Rf4 39. Rh3 Kd7 40. Ke3 Rc4 41. Rh1 1/2-1/2

[Event "GER-ch U25 op"]
[Site "Willingen"]
[Date "2008.05.15"]
[Round "7"]
[White "Laqua, Stefan"]
[Black "Popp, Maximilian"]
[Result "0-1"]
[WhiteElo "1684"]
[BlackElo "1560"]
[PlyCount "34"]
[EventDate "2008.05.11"]
[EventType "swiss"]
[EventRounds "9"]
[EventCountry "GER"]
[SourceTitle "CBM 124 Extra"]
[Source "ChessBase"]
[SourceDate "2008.07.03"]
[SourceVersion "1"]
[SourceVersionDate "2008.07.03"]
[SourceQuality "1"]

1. e4 e6 2. d4 d5 3. Nc3 Bb4 4. e5 c5 5. a3 Bxc3+ 6. bxc3 Ne7 7. Qg4 0-0 8. h4 f5 9. Qg3 Qa5 10. Ne2 Nbc6 11. Bd2 Qa4 12. Bh6 Rf7 13. Nf4 cxd4 14. Nh5 Ng6 15. Nxg7 dxc3 16. h5 Qe4+ 17. Be2 Nd4 0-1

[Event "GER-ch U25 op"]
[Site "Willingen"]
[Date "2008.05.14"]
[Round "6"]
[White "Popp, Maximilian"]
[Black "Reiser, Marck"]
[Result "1-0"]
[WhiteElo "1560"]
[BlackElo "1294"]
[PlyCount "59"]
[EventDate "2008.05.11"]
[EventType "swiss"]
[EventRounds "9"]
[EventCountry "GER"]
[SourceTitle "CBM 124 Extra"]
[Source "ChessBase"]
[SourceDate "2008.07.03"]
[SourceVersion "1"]
[SourceVersionDate "2008.07.03"]
[SourceQuality "1"]

1. e4 c5 2. Nc3 Nc6 3. f4 d6 4. Nf3 g6 5. Bb5 Bg7 6. Bxc6+ bxc6 7. 0-0 e6 8. d3 Ne7 9. Qe1 0-0 10. Qh4 Rb8 11. h3 f5 12. Kh1 Qd7 13. Rg1 Ba6 14. g4 d5 15. gxf5 exf5 16. e5 Bb5 17. Qg5 d4 18. Nxb5 cxb5 19. h4 Rb6 20. h5 Qc6 21. Qg3 Nd5 22. Kh2 Re8 23. Nh4 Ne7 24. Bd2 c4 25. Bb4 Kf7 26. Bd6 a5 27. hxg6+ hxg6 28. Nxg6 Nc8 29. Nh4 Rg8 30. Qg6# 1-0

[Event "Berlin op 08"]
[Site "Berlin"]
[Date "2006.08.26"]
[Round "8"]
[White "Popp, Maximilian"]
[Black "Feierabend, Johanna"]
[Result "1/2-1/2"]
[WhiteElo "1285"]
[BlackElo "1403"]
[PlyCount "71"]
[EventDate "2006.08.19"]
[EventType "swiss"]
[EventRounds "9"]
[EventCountry "GER"]
[SourceTitle "EXT 2007"]
[Source "ChessBase"]
[SourceDate "2006.11.23"]
[SourceVersion "1"]
[SourceVersionDate "2006.11.23"]
[SourceQuality "1"]

1. e4 c5 2. Nc3 d6 3. g3 Nf6 4. Bg2 Nc6 5. d3 a6 6. a4 g6 7. Nf3 Bg7 8. Bg5 0-0 9. 0-0 Bd7 10. Re1 e6 11. d4 h6 12. Bf4 Ne8 13. dxc5 dxc5 14. Qd2 g5 15. Be3 Qe7 16. Bxc5 Qxc5 17. Qxd7 Rb8 18. Qd2 Nd6 19. Qe3 Qb4 20. Reb1 Nc4 21. Qe2 Bxc3 22. bxc3 Qxc3 23. Qd1 Rfd8 24. Qc1 Nd2 25. Nxd2 Rxd2 26. e5 Rxc2 27. Qd1 Rd8 28. Qh5 Qxe5 29. Qxh6 Rdd2 30. Bxc6 Rxc6 31. Rd1 Rcc2 32. Re1 Qf5 33. f3 Rg2+ 34. Kh1 Qh7 35. Qxg5+ Qg6 36. Qd8+ 1/2-1/2

[Event "Berlin op 08"]
[Site "Berlin"]
[Date "2006.08.24"]
[Round "6"]
[White "Popp, Maximilian"]
[Black "Prix, Siegfried"]
[Result "0-1"]
[WhiteElo "1285"]
[BlackElo "1626"]
[PlyCount "82"]
[EventDate "2006.08.19"]
[EventType "swiss"]
[EventRounds "9"]
[EventCountry "GER"]
[SourceTitle "EXT 2007"]
[Source "ChessBase"]
[SourceDate "2006.11.23"]
[SourceVersion "1"]
[SourceVersionDate "2006.11.23"]
[SourceQuality "1"]

1. e4 e6 2. d4 d5 3. Nc3 Bb4 4. e5 c5 5. a3 Ba5 6. Qg4 Ne7 7. Qxg7 Rg8 8. Qxh7 cxd4 9. b4 Bxb4 10. axb4 dxc3 11. Ne2 Qc7 12. f4 b6 13. Ba3 b5 14. Nd4 a6 15. Bc1 Bb7 16. Bxb5+ axb5 17. Rxa8 Bxa8 18. Nxb5 Qd8 19. Nd6+ Kd7 20. g3 Qf8 21. Qd3 d4 22. Rg1 Nbc6 23. Ba3 Nd5 24. Qa6 Qb8 25. b5 Ncb4 26. Bxb4 Nxb4 27. Qa4 Nd5 28. Qxd4 Rh8 29. h4 Ke7 30. f5 Qb6 31. f6+ Kf8 32. Qxb6 Nxb6 33. Ke2 Rh5 34. Kd3 Rxe5 35. Kxc3 Rd5 36. Nc4 Rc5 37. Ra1 Rxc4+ 38. Kb3 Bd5 39. Ra6 Nd7 40. Ka3 Rxc2 41. g4 Nxf6 0-1